Rehabilitación oral contemporánea: tomo 1 (Registro nro. 9675)
[ vista simple ]
| 000 -Cabecera | |
|---|---|
| Campo de control de longitud fija | 00925ntm a22003497a 4500 |
| 005 - Fecha y hora de la última transacción | |
| Campo de control | 20260303140936.0 |
| 008 - Elementos de longitud fija--Información general | |
| Campo de control de longitud fija | 170727b2010 xxu||||| |||| 00| 0 spa d |
| 020 ## - International Standard Book Number | |
| Número Internacional Estándar del Libro (ISBN) | 9789588473369 |
| 041 ## - Idioma | |
| Código de idioma | Español |
| 082 ## - Clasificación Decimal Dewey | |
| Número de clasificación | 617.69 M617r |
| 100 ## - Entrada principal--Autor personal | |
| Nombre personal | Mezzomo, Elio |
| 9 (RLIN) | 43564 |
| 100 ## - Entrada principal--Autor personal | |
| Nombre personal | Suzuki, Roberto Makoto |
| 245 ## - Título propiamente dicho | |
| Título | Rehabilitación oral contemporánea: tomo 1 |
| 260 ## - Pie de imprenta | |
| Lugar de publicación, distribución, etc. | México |
| 260 ## - Pie de imprenta | |
| Nombre del editor, distribuidor, etc. | Amolca |
| 260 ## - Pie de imprenta | |
| Fecha de publicación, distribución, etc. | 2010 |
| 300 ## - Descripción física | |
| Extensión | 441 páginas |
| 300 ## - Descripción física | |
| Otras características físicas | Fotografías a color |
| 490 ## - Serie | |
| Título de la Serie | Mecánica Dental |
| 650 ## - Materia general | |
| Temática (materia general) | RESTAURACIÓN DENTAL |
| 650 ## - Materia general | |
| Temática (materia general) | ODONTOLOGÍA RESTAURADORA |
| 650 ## - Materia general | |
| Temática (materia general) | REHABILITACIÓN ORAL |
| 650 ## - Materia general | |
| Temática (materia general) | PRÓTESIS DENTALES |
| 650 ## - Materia general | |
| Temática (materia general) | PERIODONCIA |
| 650 ## - Materia general | |
| Temática (materia general) | DENTINA |
| 650 ## - Materia general | |
| Temática (materia general) | OCLUSIÓN |
| 650 ## - Materia general | |
| Temática (materia general) | REGISTROS OCLUSALES |
| 650 ## - Materia general | |
| Temática (materia general) | PRÓTESIS PARCIAL FIJA |
| 650 ## - Materia general | |
| Temática (materia general) | PRÓTESIS PARCIAL REMOVIBLE |
| 650 ## - Materia general | |
| Temática (materia general) | IMPLANTES DENTALES |
| 942 ## - Punto de acceso adicional KOHA | |
| Tipo de ítem KOHA | Libro |
| Fuente del sistema de clasificación o colocación | Dewey Decimal Classification |
| Signatura completa | Código de barras | Programa Académico | Tipo de ítem |
|---|---|---|---|
| 617.69 M617r | 22423 | Mecánica Dental | Libro |